000 00243nam a2200097Ia 4500
001 1073664
005 20250827002205.0
008 250824s9999 xx 000 0 und d
245 0 _a50 TARİHİ ANEKDOT
_cFREDE ROYER
260 _bORENDA YAYINLARI
999 _c1073664
_d1073664